000 01267nem0a2200289 4500
001 RU\NLR\BIBL_A\022124027
005 20250625131126.0
035 _a(NLR Aleph) 022124027
090 _a12815787
_c12815787
100 _a20240202d1975 |||y0rusy50 ca
101 0 _arus
102 _aRU
120 _abya xx||
123 0 _aа
200 1 _aПо Енисею. Красноярск - Диксон
_bКарты
_eТуристский маршрут 133-40-01 [№73]
_fСост. и подгот. к печати Науч.-ред. картогр. частью ГУГК в 1968 г.
_gРед: Б. С. Кротков
205 _aИспр. в 1975 г.
206 _aБез м-ба
210 _aМосква
_cГУГК
_d1975
215 _a1 атл. (24 с)
_cцв., текст, ил.
_d13х30 см
509 0 1 _7ca
_aКрасноярск, город - Диксон, поселок
_eЕнисей, река
_hмаршрут
_92640068
_3RU\NLR\AUTH\5509096
607 _aЕнисей, река (Сибирь)
_jКарты
_91309137
_3RU\NLR\AUTH\66226182
608 _aТуристские карты
_91327502
_3RU\NLR\AUTH\66551871
702 1 _aКротков
_bБ. С.
_4340
852 _aNLR
_bК
_j4-Ен 6/161
_m63844
_t63845
942 _cMAP
980 _aNB